000 00385nam a22001457a 4500
003 SGT
082 _a617
_bS21N
100 _aNAGYAN, TUSHAR
245 _aSepsis Induced Sequential Organ Failure assessment (SOFA) score as a Prognostic Marker in Surgical Sepsis
260 _aGURUGRAM
_bSGT UNIVERSITY
_c2021
300 _a107
650 _aSURGERY
653 _aM.S
942 _2ddc
_cTH
999 _c26499
_d26499